000 00402 a2200145 4500
999 _c8757
_d8757
020 _a9781138253063
050 _aKZ4078BAR2006
100 _aBaker , J.Craig
_eauthor
245 _aThe protection of diplomatic personnel /
_cJ. Craig Barker
264 _aNew York:
_bRoutledge,
_c2006
300 _a203p. :
500 _aincludes index
650 _adiplomatic personnel
942 _2lcc
_cBK
_h4078
_iBAR
_kKZ